<?xml version="1.0" encoding="UTF-8"?>
<marc:record xmlns:marc="http://www.loc.gov/MARC21/slim">
   <marc:leader>00000nam a2200000 a 4500</marc:leader>
   <marc:datafield ind1="1" ind2=" " tag="100">
      <marc:subfield code="a">Schloredt, Valerie</marc:subfield>
      <marc:subfield code="4">aut</marc:subfield>
      <marc:subfield code="e">Verfasser/-in</marc:subfield>
   </marc:datafield>
   <marc:datafield ind1=" " ind2=" " tag="653">
      <marc:subfield code="a">King, Martin L.</marc:subfield>
   </marc:datafield>
   <marc:datafield ind1="0" ind2="0" tag="245">
      <marc:subfield code="a">Martin Luther King</marc:subfield>
   </marc:datafield>
   <marc:datafield ind1="0" ind2="0" tag="245">
      <marc:subfield code="b">Amerikas grosser gewaltloser Führer, d. im Kampf um d. Rechte d. Schwarzen ermordet wurde</marc:subfield>
   </marc:datafield>
   <marc:datafield ind1=" " ind2="1" tag="264">
      <marc:subfield code="b">Arena</marc:subfield>
      <marc:subfield code="c">1989</marc:subfield>
   </marc:datafield>
   <marc:datafield ind1="1" ind2=" " tag="490">
      <marc:subfield code="a">Vorbilder</marc:subfield>
   </marc:datafield>
   <marc:datafield ind1="1" ind2=" " tag="520">
      <marc:subfield code="a">Der schmale Band aus der "Vorbilder-Reihe" bietet eine positive, weitgehend unkritische Darstellung und Würdigung von Kings Leben. Mehr als 20 Jahre nach seinem gewaltsamen Tod wird Jugendlichen die Bedeutung seiner Persönlichkeit für die Rechte der Schwarzen vielleicht eher in Beschreibungen deutlich, die die innenpolitischen Zustände der USA in den 60er Jahren mehr einbeziehen (Noack 4. Auflage '89; Hetmann; Zitelmann - BA 9/79, 166; 4/85). Gut verständlicher Text, viele Bilder. Als Einführung besonders für Schulbibliotheken geeignet. Grössere Bibliotheken sollten auf jeden Fall die obengenannten Titel zusätzlich vorhanden haben.</marc:subfield>
   </marc:datafield>
   <marc:datafield ind1="3" ind2=" " tag="024">
      <marc:subfield code="a">3401042785</marc:subfield>
   </marc:datafield>
</marc:record>
